FMMA 14 KTO WYGRAŁ TE WALKI? - Statystyki

Ogólne statystyki
  • Ten quiz został rozwiązany 369 razy
  • Średni wynik to 5 z 7
Statystyki odpowiedzi
Zagadnienie Odpowiedź % Poprawnych
Agata Fagata Fąk - Monika Kociołek: Agata Fagata Fąk
100%
kto wygrał Dawid Malczyński vs Mariusz Hejter Słoński dawid
100%
kto wygrał?Maksymilian Wiewiór Wiewiórka - Krystian Krycha Wilczak: Maksymilian Wiewiór Wiewiórka
100%
Kto wygrał? Wiktoria Jaroniewska vs Laluna wiktoria
100%
Mateusz Tromba Trąbka - Tomasz Gimper Mateusz Tromba Trąbka
75%
kto wygrał Mateusz Muran Murański vs Alan Alanik Mateusz
25%
kto wygrał Sergiusz Nitro Górski - Marcin Xayoo Majkut Sergiusz Nitro Górski
0%
Nie znaleziono quizów pasujących do podanych kryteriów
Rozkład punktacji
Procent ludzi z każdym wynikiem
Percentyl według liczby udzielonych odpowiedzi
Twoja historia wyników
Nie rozwiązałeś tego quizu